Normal view
MARC view
Entry Personal Name
001 - CONTROL NUMBER
- control field: 1583
003 - CONTROL NUMBER IDENTIFIER
- control field: OSt
005 - DATE AND TIME OF LATEST TRANSACTION
- control field: 20110426085738.0
008 - FIXED-LENGTH DATA ELEMENTS
- fixed length control field: 110426|||a|||||| | ||| d
040 ## - CATALOGING SOURCE
- Original cataloging agency: OSt
- Transcribing agency: OSt
100 ## - HEADING--PERSONAL NAME
- Personal name: Parkington, Michael.
670 ## - SOURCE DATA FOUND
- Source citation: Work cat.: (OSt)0: MacGillivray, Evan James, b. 1873. 1581, MacGillivray & Parkington on insurance law relating to all risks other than marine., 1988.
